| 000 | 00403nam a2200181Ia 4500 | ||
|---|---|---|---|
| 008 | 221030s9999 xx 000 0 und d | ||
| 020 | _a0070530424 | ||
| 041 | _aEnglish | ||
| 082 |
_a105.23 _bZei |
||
| 100 | _aV. A. Zeithaml | ||
| 245 | 0 | _aServices Marketing | |
| 250 | _a3rd | ||
| 260 |
_bTMH _aNew Delhi _c2005 |
||
| 300 | _a668 | ||
| 650 | _aManagement | ||
| 700 | _aM. J. Bitner | ||
| 942 | _cBK | ||
| 999 |
_c2117 _d2117 |
||